Más que un carpintero / (Registro nro. 9403)
[ vista simple ]
| 000 -LEADER | |
|---|---|
| fixed length control field | 00646cam a22002653a 4500 |
| 001 - CONTROL NUMBER | |
| control field | 16414011 |
| 003 - CONTROL NUMBER IDENTIFIER | |
| control field | DO-SdBNP |
| 005 - DATE AND TIME OF LATEST TRANSACTION | |
| control field | 20160328142620.0 |
| 007 - PHYSICAL DESCRIPTION FIXED FIELD--GENERAL INFORMATION | |
| fixed length control field | 16414011 |
| 008 - FIXED-LENGTH DATA ELEMENTS--GENERAL INFORMATION | |
| fixed length control field | 861112s1997 ck 000 0 spa d |
| 010 ## - LIBRARY OF CONGRESS CONTROL NUMBER | |
| LC control number | |
| 035 ## - SYSTEM CONTROL NUMBER | |
| System control number | (OCoLC) |
| 040 ## - CATALOGING SOURCE | |
| Original cataloging agency | BPMSU |
| Transcribing agency | spa |
| Modifying agency | BPMSU |
| -- | |
| 041 1# - LANGUAGE CODE | |
| Language code of text/sound track or separate title | spa |
| Language code of original | |
| 050 00 - LIBRARY OF CONGRESS CALL NUMBER | |
| Classification number | |
| 100 1# - MAIN ENTRY--PERSONAL NAME | |
| Personal name | McDowell, Josh. |
| 240 10 - UNIFORM TITLE | |
| Uniform title | <a href="More than a carpenter ">More than a carpenter </a> |
| Language of a work | Español |
| 245 10 - TITLE STATEMENT | |
| Title | Más que un carpintero / |
| Statement of responsibility, etc. | Josh McDowell. |
| 260 ## - PUBLICATION, DISTRIBUTION, ETC. (IMPRINT) | |
| Place of publication, distribution, etc. | Colombia : |
| Name of publisher, distributor, etc. | Unilit, |
| Date of publication, distribution, etc. | 1997 |
| 300 ## - PHYSICAL DESCRIPTION | |
| Extent | 137 p. : |
| Other physical details | 20 cm. |
| 500 ## - GENERAL NOTE | |
| General note | |
| 600 00 - SUBJECT ADDED ENTRY--PERSONAL NAME | |
| Personal name | |
| General subdivision | |
| 942 ## - ADDED ENTRY ELEMENTS (KOHA) | |
| Source of classification or shelving scheme | Dewey Decimal Classification |
| Koha item type | Libros |
| 956 ## - LOCAL ELECTRONIC LOCATION AND ACCESS (OCLC) | |
| Access method | VMATEO |
| Materials specified | 10 |
| Linkage | 20160328 |
| Field link and sequence number | BPMSU |
| Host name | 0069 |
| Withdrawn status | Lost status | Source of classification or shelving scheme | Damaged status | Not for loan | Collection code | Home library | Current library | Date acquired | Source of acquisition | Total Checkouts | Barcode | Date last seen | Price effective from | Koha item type |
|---|---|---|---|---|---|---|---|---|---|---|---|---|---|---|
| Dewey Decimal Classification | Biblioteca Pública Metropolitana Salomé Ureña | Biblioteca Pública Metropolitana Salomé Ureña | 03/28/2016 | FUNDI | BPMET16030284 | 03/28/2016 | 03/28/2016 | Libros |